00755nam a2200217 a 450000100060000000300080000600500170001400800410003103500190007204000270009104100080011808200280012610000370015424500400019126000610023130000240029265100440031694200120036099900170037295201480038920821BD-RjUL20211209000621.0140302r19531912enk 000 0 enk d a(BD-RjUL)20883 aYWMcYWMbengdBD-RjUL aeng04219a840.80354bHUN 19531 aHugo, Victor,d1802-1885.96431210aNotre-Dame de Paris /cVictor Hugo. aLondon :bJ. M. Dent & Sons Ltd,c1910 [reprinted 1953]. ax, 470 p. ;c19 cm. aFrench literaturey19th century.964313 2ddccBK c20821d20821 00102ddc40728NFICaRUCLbRUCLcReadingd1955-09-19eB.H.Black Well.g73.00l0o840.80354 HUN 1953r2014-03-02 00:00:00tC-1w2014-03-02yBK